00859nam a2200229 a 450000100100000000500170001000800410002702000150006804000250008308200200010810000300012824000410015824500680019926000480026730000210031550000530033665000420038970000290043191000370046095201170049799900150061400000179020200929145713.0090629s1995 es 000 0 spa d a8440660723 aDO-SdBNPbspacBNPHU a616.8914bW429t1 aWeiss, Briand1944-9580910aThrough time into healinglespañol10aA través del tiempo /cBrian Weiss; traducción Edith Zilli. aBarcelona :bBiblioteca de Bolsillo,c1995. a296 p. ;c20 cm. aLa biblioteca posee la 8ª reimpresión de 1998 4aTerapía de la reencarnación9581012aZilli, Edith,etr.93228 aValidado. Control de calidad MFF 001050718MOaGRbGRcHDd2009-06-29iLF1l0o616.8914 W429tp1790-10r2020-06-25w2020-06-25y1ZNo se presta c1667d1667